Szczegóły MARC21

Ekonomia. Cz. 1, Mikroekonomia /

003 -Nazwa inst., której nr kontr. jest w polu 001 [,]
    • @
    • Nazwa instytucji, której n kontrolny jest w polu 001
    • NUKAT
005 -DATA I CZAS OSTATNIEJ MODYFIKACJI [,]
    • @
    • pole kontrolne
    • 20241231102534.0
020 -Międzynarod. znormalizowany nr książki - ISBN [ , ]
    • a
    • Numer ISBN
    • 8387148040 Find
040 -Instytucja sporządzająca opis [ , ]
    • a
    • Instytucja, która sporządziła opis (NP)
    • POZN U/JMJ
    • c
    • Instytucja, która sporządziła rekord (NP)
    • POZN U/JD
    • d
    • Instytucja, która zmodyfikowała rekord (P)
    • POZN U/RD
942 -Rodzaj dokumentu [ , ]
    • c
    • Rodzaj dokumentu
    • Książka
100 -Hasło główne - nazwa osobowa [1, ]
    • a
    • Nazwa osobowa (NP)
    • Gulcz, Mieczysław
    • d
    • Daty biograficzne (NP)
    • (1938-2018).
    • 9
    • KHW
    • 56083
245 -Strefa tytułu i oznaczenia odpowiedzialności [1,0]
    • a
    • Tytuł
    • Ekonomia. Find
    • n
    • Oznaczenie części (P)
    • Cz. 1,
    • p
    • Nazwa części (P)
    • Mikroekonomia /
    • c
    • Pozostałe elementy strefy tytułu i oznaczenia odpowiedzialności (NP)
    • Mieczysław Gulcz.
260 -Strefa adresu wydawniczego [ , ]
    • a
    • Miejsce wydania (P)
    • Poznań :
    • b
    • Nazwa wydawcy (P)
    • Ars boni et aequi,
    • c
    • Data wydania (P)
    • 1997.
300 -Strefa opisu fizycznego [ , ]
    • a
    • Określenie formy książki i/lub objętość (NP)
    • 153 s. :
    • b
    • Oznaczenie ilustracji (NP)
    • il. ;
    • c
    • Format (NP)
    • 22 cm.
336 -Typ zawartości [ , ]
    • a
    • Termin opisujący typ zawartości
    • Tekst
    • b
    • Kod określający zawartość
    • txt
    • 2
    • Źródło (terminu i kodu)
    • rdacontent
337 -Typ mediów [ , ]
    • a
    • Tryb odtwarzania
    • Bez urządzenia pośredniczącego
    • b
    • Kod typu mediów
    • n
    • 2
    • Źródło (terminu i kodu)
    • rdamedia
338 -Typ/rodzaj nośnika [ , ]
    • a
    • Hasło opisujące typ nośnika
    • Wolumin
    • b
    • Kod typu nośnika
    • nc
    • 2
    • Źródło (terminu i kodu)
    • rdacarrier
500 -Uwaga ogólna [ , ]
    • a
    • Uwaga ogólna (NP)
    • Na dok. tylko data 1997.
080 -Uniwersalna Klasyfikacja Dziesiętna [ , ]
    • a
    • Symbol klasyfikacji
    • 330.101.542
    • 2
    • Identyfikator wydania tablic
    • UDC-P058
    • 9
    • UKD
    • 2947
    • b
    • Dopowiedzenie
    • Mikroekonomia.
    • 4
    • UKD2
    • 7665
    • x
    • Poddział wspólny
    • (075.8)
    • c
    • Dopowiedzenie poddz. wspólnego
    • (Podręczniki dla szkół wyższych. Skrypty).
650 -Hasło przedmiotowe [ ,7]
    • a
    • Hasło przedmiotowe
    • Mikroekonomia
    • v
    • Określnik formalny
    • podręczniki akademickie.
    • 2
    • Źródło terminu
    • kaba
    • 9
    • KHW
    • 352804
980 -Symbol UKD [ , ]
    • a
    • UKD
    • 330.101.542(075.8)
920 -ISBN [ , ]
    • a
    • ISBN
    • 83-87148-04-0 Find
Uwagi nie widoczne w OPAC Status udost. Sygnatura Numer inwentarzowy Data inwentaryzacji Lokalizacja
retrokonwersja-3W.191606W.191606 BG
retrokonwersja-3W.191606W.191607 BG
retrokonwersja-3W.191606W.191608 BG
retrokonwersja-3W.191606W.191609 BG
retrokonwersja-3W.191606W.191610 BG
retrokonwersja-3W.191606W.191611 BG
retrokonwersja-3W.191606W.191612 BG
retrokonwersja-3W.191606W.191613 BG
retrokonwersja-3W.191606W.191614 BG
retrokonwersja-3W.191606W.191615 BG
retrokonwersja-3W.191606W.195248 BG
retrokonwersja-3W.191606W.201658 BG
 1 Z.985372002-02-01BG
 -3 W.2061362002-02-01BG
 -3W.191606W.2061372002-02-01BG
retrokonwersja-3SA.7795SA.7795 BSA
retrokonwersja-3SA.7794SA.7794 BSA
 -2 T.72052003-01-21T